000 00715nab a2200169 4500
003 ES-SlBCS
005 20210327231206.0
008 141106s2014 br ||||| |||| 00| 0 por d
040 _aES-SlBCS
_bspa
100 1 _aPereira Lima, Daniela da Costa Britto
_9406973
245 1 2 _aA produçao do conhecimento na sociedade da informaçao
_b: reflexoes filosóficas sobre a pesquisa em educaçao
_cDaniela da Costa Britto Pereira Lima ; Juliana Guimaraes Faria ; Mirza Seabra Toschi
650 0 4 _aEducación
_986687
700 1 _aFaria, Juliana Guimaraes
_9406974
700 1 _aToschi, Mirza Seabra
_9406975
773 0 _gVol. 28, Nº 55, 2014, págs. 373-393
_tEducaçao e Filosofia
_wRev1534
_x0102-6801
942 _2lcc
_cAR
999 _c849488
_d849488